000 01954nam0a22003611 4500
001 rc\906439
005 20250622035942.0
035 _a(NLR Aleph) 006081484
090 _a5092810
_c5092810
100 _a20041129d1983 |||y0rusy50 ca
101 0 _arus
102 _aRU
105 _aa |||||||||
200 1 _aЛовец птичьих голосов
_eРассказы
_e[Пер. с укр.]
_fПетро Федотюк
_g[Худож. С. Комарова]
210 _aМ.
_cМол. гвардия
_d1983
215 _a79 с., 1 л. портр.
_cил.
_d16
225 1 _aБиблиотека журнала ЦК ВЛКСМ "Молодая гвардия"
_v18
300 _aВ вып. дан. авт.: Петро Кузьмич Федотюк
327 1 _aСодерж.: Приснились мне звезды; Тоньше паутинки; Ловец птичьих голосов; Свадебное путешествие без любимой; Дичок; Немудреный мотив; Характер; Ошибиться адресом
464 0 _12001#$aПриснились мне звезды
_tПриснились мне звезды
464 0 _12001#$aТоньше паутинки
_tТоньше паутинки
464 0 _12001#$aЛовец птичьих голосов
_tЛовец птичьих голосов
464 0 _12001#$aСвадебное путешествие без любимой
_tСвадебное путешествие без любимой
464 0 _12001#$aДичок
_tДичок
464 0 _12001#$aНемудреный мотив
_tНемудреный мотив
464 0 _12001#$aХарактер
_tХарактер
464 0 _12001#$aОшибиться адресом
_tОшибиться адресом
700 1 _aФедотюк
_bП.
_f1942-
_gПетро
801 0 _aRU
_bNLR
_gpsbo
801 1 _aRU
_bELAR
_2rusmarc
852 _aNLR
_j84-2/715
942 _cBOOK
980 _aNB